| 000 | 00762nam a2200205 4500 | ||
|---|---|---|---|
| 999 |
_c8442 _d8442 |
||
| 008 | 180206b xxu||||| |||| 00| 0 eng d | ||
| 020 | _a0-394-32619-9 | ||
| 082 |
_21981 _aDC 810.8 _bAn3 |
||
| 245 |
_aThe American tradition in literature : volume 1/ _cedited by Sculley Bradley, Richmond Croom Beatty, E. Hudson Long and George Perkins. |
||
| 250 | _aFIFTH EDITION | ||
| 260 |
_aNew York: _bRandom House, Inc., _c©1981. |
||
| 300 |
_axxv, 2075 pages; _c21 cm. |
||
| 521 | _aIncludes bibliography and index. | ||
| 650 | 0 |
_926153 _aAmerican literature |
|
| 700 |
_926154 _aBradley, Sculley _eeditor |
||
| 700 |
_926155 _aBeatty, Richmond Croom _eeditor |
||
| 700 |
_926156 _aLong, E. Hudson _eeditor |
||
| 700 |
_926157 _aPerkins, George _eeditor |
||
| 942 |
_2ddc _cDC |
||